| 000 | 00544pam a2200193 a 4500 | ||
|---|---|---|---|
| 999 |
_c114481 _d114481 |
||
| 001 | 2562046 | ||
| 005 | 20191118113311.0 | ||
| 008 | 950901s1996 njua b 001 0 eng | ||
| 020 | _a0024097616 | ||
| 040 | _cPK-LaUMT | ||
| 082 | 0 | 0 |
_a621.11 _220 _bSHA-I |
| 100 | 1 | _aShackelford, James F. | |
| 245 | 1 | 0 |
_aIntroduction to materials science for engineers / _cby James F. Shackelford |
| 250 | _a8th ed. | ||
| 260 |
_aBoston : _bPrentice Hall, _c2016 |
||
| 300 |
_a617 p. : _bill. (some col.) ; _c27 cm. |
||
| 650 | 0 | _aMaterials. | |
| 942 | _cBK | ||